Statystyki dla Największe miasta w Polsce na literę M

Kliknij tutaj aby rozwiązać quiz!

Ogólne statystyki

  • Ten quiz został rozwiązany 2 909 razy
  • Średni wynik to 4 z 10

Statystyki odpowiedzi

Rank.Liczba mieszańcówWojewództwoMiasto% Poprawnych
5.38.345pomorskieMalbork
64%
1.74.618śląskieMysłowice
61%
2.60.323podkarpackieMielec
54%
4.40.999mazowieckieMińsk Mazowiecki
49%
9.21.556warmińsko-mazurskieMrągowo
44%
8.31.246mazowieckieMława
36%
10.18.366małopolskieMyślenice
34%
3.41.014śląskieMikołów
31%
7.31.585śląskieMyszków
29%
6.35.461mazowieckieMarki
22%

Rozkład punktacji

Percentyl według liczby udzielonych odpowiedzi

Procent ludzi z każdym wynikiem

Twoja historia wyników

Nie rozwiązałeś tego quizu